Normatividad en materia de deuda pública estatal y municipal /

Sparad:
Bibliografiska uppgifter
Materialtyp: Bok
Språk:spanska
Utgiven: México : Instituto para el Desarrollo Técnico de las Haciendas Públicas, 1994, c1994
Ämnen:
Taggar: Lägg till en tagg
Inga taggar, Lägg till första taggen!

MARC

LEADER 00000nam^a2200000^a^4500
001 000063730
005 20250521000000.0
009 20260310091036.381
020 |a 968-6627-51-0 
037 |a Acervo ITESO - Biblioteca 
041 |a ESP 
082 |a 343. 037  |b NOR 
245 1 0 |a Normatividad en materia de deuda pública estatal y municipal / 
264 4 |a México :  |b Instituto para el Desarrollo Técnico de las Haciendas Públicas,  |c 1994, c1994 
300 |a 336 p. 
336 |a texto  |b txt  |2 rdacontenido 
337 |a sin mediación  |b n  |2 rdamedio 
338 |a volumen  |b nc  |2 rdasoporte 
649 |a XX 
650 |a Deuda Pública -  |z México -  |x Leyes y Reglamentos 
650 |a Finanzas Públicas 
650 |a Financiamiento (de Empresas, Proyectos, etc.) 
650 |a Contabilidad Financiera 
650 |a Administración Pública 
650 |a Ciencias Administrativas 
650 |a Municipios 
650 |a Derecho Económico -  |z México -  |x Leyes y Reglamentos 
910 |a Fondo General 
920 |a Impresos - Libros 
930 |a Colección General 
905 |a 101 
901 |a 0500017182  |b IT1  |c ACC  |u 20250521 
902 |a https://opac.biblio.iteso.mx/vufind/Record/000063730